000 00825nam a22002417a 4500
010 _aA-159833
020 _c211.00
035 _aA-159833
037 _aCen Lib / Ret
040 _aDPL
_bHN
082 _a220.21
_bवेदय
100 _aदयानन्दसरस्वती
245 _aयजुर्वेदभाषाभाष्य /
_bदयानन्दसरस्वती
246 _aYajurvedbhashabhasye/
_bby Dayananad Saraswati
260 _aअजमेर
_bवैदिक यन्त्रालय
270 _bअजमेर
_aवैदिक यन्त्रालय
300 _av 1. 420p.
_b22cm.
650 _aयजुर्वेद
650 _aवेद
650 _aYajurveda
650 _aVeda
942 _2ddc
_cHN
_h220.21
_mवेदय
999 _c122329
_d122329